| 000 | nam a22 a 4500 | ||
|---|---|---|---|
| 999 |
_c186611 _d186611 |
||
| 003 | BLK | ||
| 005 | 20220520141319.0 | ||
| 008 | 180411b bul|||||r ||||||| ||bul|| | ||
| 010 | _aKNG00195607000 | ||
| 040 | _aBLK | ||
| 041 |
_aBUL _cBUL |
||
| 080 |
_aБългарска литература _b821.163.2 _x-8 _z821.163.2-8 |
||
| 139 |
_aОколчица'80 _bО 46 |
||
| 245 | 1 | 0 |
_aОколчица'80 _bЛит., изкуство, публицистика : Сборник _cотг. ред. Йордан Милев. |
| 257 | _aBGR | ||
| 260 |
_aСофия _bНар. младеж _c1980 |
||
| 300 |
_a168 с. _bс ил. _c22 см |
||
| 380 | _aX | ||
| 500 | _a3 141 тир. | ||
| 700 | 1 |
_aМилев, Йордан _eотг. ред. _9363560 |
|
| 852 |
_aЦб 103436 _bЦб |
||
| 856 | 4 | _qpdf | |
| 856 | 4 | _qpdf | |
| 942 |
_cKNG _n0 _s1 |
||
| 944 |
_aCR _c09.11.2016 _kКети_Илиева |
||
| 944 |
_aED _c15.09.2017 _kМилена_Ачева |
||